<?xml version="1.0" encoding="UTF-8"?>
<collection xmlns="http://www.loc.gov/MARC21/slim">
 <record>
  <leader>00997nam a2200265 a 4500</leader>
  <controlfield tag="001">13566607</controlfield>
  <controlfield tag="008">040421s2005    maua     b    001 0 eng d</controlfield>
  <datafield tag="999" ind1=" " ind2=" ">
   <subfield code="c">11607</subfield>
   <subfield code="d">11607</subfield>
  </datafield>
  <datafield tag="010" ind1=" " ind2=" ">
   <subfield code="a">  2004042183</subfield>
  </datafield>
  <datafield tag="020" ind1=" " ind2=" ">
   <subfield code="a">0763715115</subfield>
  </datafield>
  <datafield tag="040" ind1=" " ind2=" ">
   <subfield code="a">DLC</subfield>
   <subfield code="c">DLC</subfield>
   <subfield code="d">DLC</subfield>
  </datafield>
  <datafield tag="082" ind1="0" ind2="0">
   <subfield code="a">576.5</subfield>
   <subfield code="2">22</subfield>
  </datafield>
  <datafield tag="100" ind1="1" ind2=" ">
   <subfield code="a">Hartl, Daniel L.</subfield>
   <subfield code="9">44408</subfield>
  </datafield>
  <datafield tag="245" ind1="1" ind2="0">
   <subfield code="a">Genetics :</subfield>
   <subfield code="b">analysis of genes and genomes /</subfield>
   <subfield code="c">Daniel L. Hartl, Elizabeth W. Jones.</subfield>
  </datafield>
  <datafield tag="250" ind1=" " ind2=" ">
   <subfield code="a">6th ed.</subfield>
  </datafield>
  <datafield tag="260" ind1=" " ind2=" ">
   <subfield code="a">Sudbury, Mass. :</subfield>
   <subfield code="b">Jones and Bartlett Publishers,</subfield>
   <subfield code="c">c2005.</subfield>
  </datafield>
  <datafield tag="300" ind1=" " ind2=" ">
   <subfield code="a">xxv, 854 p. :</subfield>
   <subfield code="b">col. ill. ;</subfield>
   <subfield code="c">28 cm.</subfield>
  </datafield>
  <datafield tag="504" ind1=" " ind2=" ">
   <subfield code="a">Includes bibliographical references and index.</subfield>
  </datafield>
  <datafield tag="541" ind1="1" ind2=" ">
   <subfield code="e">00024041</subfield>
  </datafield>
  <datafield tag="650" ind1=" " ind2="0">
   <subfield code="a">Genetics.</subfield>
   <subfield code="9">44409</subfield>
  </datafield>
  <datafield tag="650" ind1=" " ind2="0">
   <subfield code="a">Pharmacy.</subfield>
   <subfield code="9">44410</subfield>
  </datafield>
  <datafield tag="700" ind1="1" ind2=" ">
   <subfield code="a">Jones, Elizabeth W.</subfield>
   <subfield code="9">44411</subfield>
  </datafield>
  <datafield tag="852" ind1="1" ind2=" ">
   <subfield code="a">Ayesha Abed Library</subfield>
   <subfield code="j">General shelf</subfield>
  </datafield>
  <datafield tag="942" ind1=" " ind2=" ">
   <subfield code="2">ddc</subfield>
   <subfield code="c">BK</subfield>
  </datafield>
  <datafield tag="952" ind1=" " ind2=" ">
   <subfield code="0">0</subfield>
   <subfield code="1">0</subfield>
   <subfield code="2">ddc</subfield>
   <subfield code="4">0</subfield>
   <subfield code="6">576_500000000000000_HAR</subfield>
   <subfield code="7">0</subfield>
   <subfield code="9">18895</subfield>
   <subfield code="a">BRACUL</subfield>
   <subfield code="b">BRACUL</subfield>
   <subfield code="c">GEN</subfield>
   <subfield code="d">2011-12-14</subfield>
   <subfield code="e">Parash Publishers</subfield>
   <subfield code="g">2530.00</subfield>
   <subfield code="l">8</subfield>
   <subfield code="m">35</subfield>
   <subfield code="o">576.5 HAR</subfield>
   <subfield code="p">3010024041</subfield>
   <subfield code="r">2025-11-07</subfield>
   <subfield code="s">2025-11-04</subfield>
   <subfield code="t">1</subfield>
   <subfield code="w">2011-12-14</subfield>
   <subfield code="y">BK</subfield>
  </datafield>
 </record>
</collection>
